00712nam a2200241 4500001000200000003000900002005001700011008003000028020001500058040002600073082002400099100002700123245012200150260003400272300002100306650002800327700004100355700002800396710001300424852000600437856000600443856002100449 DO-SdBNP20240118114424.0140604s1997 sp 000 0 und d a0442267541 aDO-SdBNPbspacBPMSU  4a657bN632m 19972221 aNickerson, Clarence B.10aManual de contabilidad : bpara no contadores /cClarence B. Nickerson ; traductor y revisor José Anguera Torrents. aBarcelona : bOcéano,c1997 a619 p. ;c24 cm. 4aContabilidad.vManuales1 aAnguera Torrents, José etraductor1 aNickerson, Clarence B. 2 aOcéano t  3  u a b c d f